[Event "PHI-ch"]
[Site "Marikina City"]
[Date "2024.01.05"]
[Round "10"]
[White "Bacojo, Mark Jay"]
[Black "Arca, Christian Gian Karl"]
[Result "1/2-1/2"]
[WhiteElo "2367"]
[BlackElo "2277"]
[PlyCount "73"]
[EventDate "2023.12.27"]
[EventType "tourn"]
[EventRounds "13"]
[EventCountry "PHI"]
[SourceTitle "CB02_2024"]
[SourceDate "2024.01.10"]
[SourceVersion "1"]
[SourceVersionDate "2024.01.10"]
[SourceQuality "1"]

1. b3 e5 2. Bb2 Nc6 3. e4 Nf6 4. d3 Bc5 5. Be2 d5 6. Nd2 dxe4 7. Nxe4 Nxe4 8. dxe4 Qh4 9. g3 Qxe4 10. Nf3 Nd4 11. Bxd4 Bxd4 12. 0-0 Bxa1 13. Re1 0-0 14. Qxa1 Qxc2 15. Qxe5 Be6 16. Nd4 Qc3 17. Bf3 Rad8 18. Nxe6 Qxe5 19. Rxe5 fxe6 20. Kg2 c6 21. b4 Rd3 22. Be2 Rd2 23. a3 Kf7 24. f4 Rfd8 25. Kf3 R8d5 26. Re3 Rc2 27. h4 g6 28. g4 Rdd2 29. Bd3 Rf2+ 30. Ke4 Rc3 31. Kd4 Rxa3 32. Bxg6+ Kxg6 33. Rc3 Rb3 34. Rxb3 Rxf4+ 35. Ke5 b5 36. Kxe6 h5 37. Ke7 1/2-1/2

[Event "Wch U18"]
[Site "Montesilvano"]
[Date "2023.11.13"]
[Round "1"]
[White "Bacojo, Mark Jay"]
[Black "Kosta, Kelvin"]
[Result "1-0"]
[WhiteElo "2335"]
[BlackElo "1969"]
[PlyCount "121"]
[EventDate "2023.11.13"]
[EventType "swiss"]
[EventRounds "11"]
[EventCountry "ITA"]
[SourceTitle "CB48_2023"]
[SourceDate "2023.11.29"]
[SourceVersion "1"]
[SourceVersionDate "2023.11.29"]
[SourceQuality "1"]

1. d4 Nf6 2. c4 e6 3. Nf3 Bb4+ 4. Nbd2 0-0 5. Qc2 d5 6. e3 b6 7. a3 Bxd2+ 8. Bxd2 Bb7 9. b4 dxc4 10. Bxc4 Nbd7 11. Rd1 Rc8 12. 0-0 h6 13. Ne5 b5 14. Bb3 Nxe5 15. dxe5 Nd7 16. Bc3 Qe7 17. Qe2 a6 18. f4 Nb6 19. e4 Rcd8 20. Bd4 Rfe8 21. Qf2 Rd7 22. f5 Bxe4 23. f6 Qd8 24. fxg7 Nd5 25. h4 Kxg7 26. Bxd5 Bxd5 27. Qg3+ Kh7 28. Qd3+ Kg7 29. Rf6 Rg8 30. Rd2 Rh8 31. Rdf2 Qg8 32. Bc5 Rh7 33. Qe3 Bc6 34. h5 Kh8 35. Qf4 Qg5 36. Qxg5 hxg5 37. h6 g4 38. Rxe6 Rd1+ 39. Kh2 Rd3 40. g3 Bd7 41. Rxa6 Bc8 42. Raf6 Bb7 43. Bf8 Bf3 44. Kg1 Rxa3 45. Rd2 Ra8 46. Bg7+ Rxg7 47. hxg7+ Kxg7 48. Rd7 Rf8 49. Rxc7 Bd5 50. Rd6 Bc4 51. e6 Ra8 52. Rxf7+ Kg8 53. Rfd7 Ra1+ 54. Rd1 Ra3 55. Rd8+ Kg7 56. e7 Rxg3+ 57. Kh2 Rh3+ 58. Kg2 Be2 59. e8Q Bf3+ 60. Kf2 Rh2+ 61. Kg3 1-0

[Event "Titled Tuesday intern op 11th Jul Early"]
[Site "Chess.com INT"]
[Date "2023.07.11"]
[Round "3"]
[White "Ugarte Soto, Cesar"]
[Black "Bacojo, Mark Jay"]
[Result "0-1"]
[WhiteElo "2088"]
[BlackElo "2310"]
[PlyCount "86"]
[EventDate "2023.07.11"]
[EventType "swiss (blitz)"]
[EventRounds "11"]
[EventCountry "USA"]
[SourceTitle "EXT 2024"]
[Source "ChessBase"]
[SourceDate "2023.10.10"]
[SourceVersion "1"]
[SourceVersionDate "2023.10.10"]
[SourceQuality "1"]

1. d4 Nf6 2. Bf4 d6 3. Nf3 Nc6 4. e3 Bg4 5. Be2 h5 6. Nbd2 g6 7. h3 Bxf3 8. Nxf3 Bh6 9. Bxh6 Rxh6 10. 0-0 Qd7 11. c4 0-0-0 12. b4 Nxb4 13. Rb1 a5 14. a3 Nc6 15. d5 Nb8 16. Qd2 b6 17. e4 Rhh8 18. e5 Ne4 19. Qf4 Qf5 20. Qe3 Nc5 21. exd6 exd6 22. Nd4 Qe5 23. Qd2 g5 24. Rfe1 f5 25. Bd3 Ne4 26. Bxe4 fxe4 27. f3 Rde8 28. Rxe4 Qg7 29. Rbe1 Rxe4 30. Rxe4 g4 31. Ne6 Qa1+ 32. Kh2 gxh3 33. gxh3 Rg8 34. Ng5 Nd7 35. Qe2 Kb7 36. f4 Qxa3 37. h4 Nf6 38. Re7 Ng4+ 39. Kg2 a4 40. Ne6 Ne3+ 41. Kf3 Nxd5+ 42. Kf2 Qg3+ 43. Kf1 Qg1# 0-1

[Event "PHI-ch"]
[Site "Malolos"]
[Date "2023.02.05"]
[Round "7"]
[White "Bacojo, Mark Jay"]
[Black "San Diego, Marie Antoinette"]
[Result "0-1"]
[WhiteElo "2266"]
[BlackElo "2157"]
[PlyCount "92"]
[EventDate "2023.02.01"]
[EventType "tourn"]
[EventRounds "9"]
[EventCountry "PHI"]
[EventCategory "5"]
[SourceTitle "CBM 212 Extra"]
[Source "ChessBase"]
[SourceDate "2023.03.31"]
[SourceVersion "1"]
[SourceVersionDate "2023.03.31"]
[SourceQuality "1"]

1. Nf3 d5 2. c4 e6 3. d4 c6 4. Nc3 dxc4 5. a4 Bb4 6. e3 b5 7. Bd2 a5 8. axb5 Bxc3 9. Bxc3 cxb5 10. b3 Bb7 11. bxc4 b4 12. Bb2 Nf6 13. Bd3 0-0 14. Qc2 h6 15. 0-0 Nbd7 16. e4 Nh5 17. Rfe1 Nf4 18. Bf1 f5 19. Nd2 Nf6 20. g3 Nxe4 21. Nxe4 Bxe4 22. Qd1 Ng6 23. f3 Bb7 24. Rxe6 Rf6 25. Re1 a4 26. Rxa4 Bxf3 27. Qxf3 Rxa4 28. Qb3 Ra7 29. c5+ Kh7 30. d5 f4 31. d6 fxg3 32. hxg3 Rf5 33. Qe3 Ra2 34. Bd3 Rg5 35. Re2 Qd7 36. Qxg5 hxg5 37. Rh2+ Kg8 38. Bc4+ Kf8 39. Bxa2 Qg4 40. Rd2 Qxg3+ 41. Kf1 Nf4 42. d7 Qf3+ 43. Ke1 Nd3+ 44. Rxd3 Qxd3 45. c6 Ke7 46. Bxg7 Qe4+ 0-1

[Event "Manny Pacquiao op"]
[Site "General Santos City"]
[Date "2022.12.16"]
[Round "7"]
[White "Bacojo, Mark Jay"]
[Black "De Guzman, Ricardo"]
[Result "1/2-1/2"]
[WhiteElo "2031"]
[BlackElo "2328"]
[PlyCount "86"]
[EventDate "2022.12.13"]
[EventType "swiss"]
[EventRounds "9"]
[EventCountry "PHI"]
[SourceTitle "EXT 2024"]
[Source "ChessBase"]
[SourceDate "2023.10.10"]
[SourceVersion "1"]
[SourceVersionDate "2023.10.10"]
[SourceQuality "1"]

1. e4 e5 2. Nf3 Nc6 3. d4 exd4 4. Nxd4 Bc5 5. Nb3 Bb6 6. Nc3 Qf6 7. Qe2 Nge7 8. Be3 d6 9. 0-0-0 Bd7 10. g3 0-0-0 11. Bg2 Qg6 12. Bxb6 axb6 13. f4 h5 14. Bf3 Kb8 15. Rhe1 h4 16. g4 Qf6 17. Qe3 g5 18. e5 dxe5 19. fxe5 Qg7 20. Nd4 Rhe8 21. Ncb5 Nxd4 22. Nxd4 c5 23. Qe4 Bc6 24. Nxc6+ Nxc6 25. Rxd8+ Rxd8 26. Qe3 Nd4 27. c3 Nxf3 28. Qxf3 Qg6 29. Qf6 Qxf6 30. exf6 Rd6 31. Rf1 Kc7 32. Kc2 Kc6 33. h3 Rd5 34. Re1 Rd6 35. Rf1 Rd5 36. a4 c4 37. b3 cxb3+ 38. Kxb3 Rd3 39. Rf5 Rxh3 40. Rxg5 Rf3 41. Rh5 Rxf6 42. Rxh4 Rf4 43. Rh6+ Kc5 1/2-1/2

[Event "Asia-ch U20"]
[Site "Tagaytay City"]
[Date "2022.11.20"]
[Round "3"]
[White "Bacojo, Mark Jay"]
[Black "Raahul, VS."]
[Result "0-1"]
[WhiteElo "1949"]
[BlackElo "2311"]
[PlyCount "88"]
[EventDate "2022.11.19"]
[EventType "swiss"]
[EventRounds "9"]
[EventCountry "PHI"]
[SourceTitle "CBM 211 Extra"]
[Source "ChessBase"]
[SourceDate "2023.01.31"]
[SourceVersion "1"]
[SourceVersionDate "2023.01.31"]
[SourceQuality "1"]

1. e4 e6 2. d4 d5 3. Nd2 Nf6 4. e5 Nfd7 5. Bd3 c5 6. c3 Nc6 7. Ngf3 g6 8. 0-0 Bg7 9. a3 Qb6 10. Qa4 a6 11. Re1 Qa7 12. Nf1 b5 13. Qc2 cxd4 14. cxd4 Nxd4 15. Nxd4 Qxd4 16. Be3 Qxe5 17. Qc6 Qb8 18. Bc5 e5 19. Bd6 Bb7 20. Bxb8 Bxc6 21. Bd6 e4 22. Rac1 Rc8 23. a4 Kd8 24. axb5 axb5 25. Bb4 Ne5 26. Bb1 f5 27. Red1 Nd7 28. Ba2 d4 29. Ba5+ Ke8 30. Bd5 Bxd5 31. Rxc8+ Ke7 32. Rdc1 Rxc8 33. Rxc8 Be5 34. g3 Bd6 35. Bd2 Ne5 36. Bf4 Nf3+ 37. Kg2 Ne1+ 38. Kg1 Bxf4 39. gxf4 Nd3 40. Rc7+ Kd6 41. Rxh7 Nxf4 42. h4 Nh3+ 43. Kh2 Nxf2 44. Kg3 e3 0-1

[Event "Asia-ch U20"]
[Site "Tagaytay City"]
[Date "2022.11.19"]
[Round "1"]
[White "Bacojo, Mark Jay"]
[Black "Quizon, Daniel"]
[Result "1-0"]
[WhiteElo "1949"]
[BlackElo "2420"]
[PlyCount "75"]
[EventDate "2022.11.19"]
[EventType "swiss"]
[EventRounds "9"]
[EventCountry "PHI"]
[SourceTitle "CBM 211 Extra"]
[Source "ChessBase"]
[SourceDate "2023.01.31"]
[SourceVersion "1"]
[SourceVersionDate "2023.01.31"]
[SourceQuality "1"]

1. e4 d5 2. exd5 Qxd5 3. Nc3 Qa5 4. d4 Nf6 5. Bd2 c6 6. Nf3 Bf5 7. Bc4 e6 8. Nd5 Qd8 9. Nxf6+ gxf6 10. c3 Nd7 11. Qe2 Nb6 12. Bb3 Be7 13. Nh4 Bg6 14. 0-0-0 Qc7 15. f4 f5 16. Nf3 Bh5 17. h3 Bd6 18. g4 fxg4 19. Nh4 Rg8 20. f5 0-0-0 21. fxe6 Kb8 22. Nf5 Bf4 23. e7 Rde8 24. Rde1 Rg5 25. Ng3 Bg6 26. Rhf1 Bxd2+ 27. Qxd2 Rb5 28. Bxf7 Rxe7 29. Bxg6 Rxe1+ 30. Qxe1 hxg6 31. c4 Rb4 32. Qxb4 Qxg3 33. hxg4 a6 34. Qb3 Qg2 35. Qf3 Qh2 36. Qf4+ Qxf4+ 37. Rxf4 Nxc4 38. g5 1-0

[Event "PHI-ch op"]
[Site "Mactan City"]
[Date "2021.12.10"]
[Round "2"]
[White "Young, Angelo"]
[Black "Bacojo, Mark Jay"]
[Result "1/2-1/2"]
[WhiteElo "2321"]
[BlackElo "1924"]
[PlyCount "180"]
[EventDate "2021.12.09"]
[EventType "swiss"]
[EventRounds "9"]
[EventCountry "PHI"]
[SourceTitle "CBM 205 Extra"]
[Source "ChessBase"]
[SourceDate "2022.01.31"]
[SourceVersion "1"]
[SourceVersionDate "2022.01.31"]
[SourceQuality "1"]

1. d4 Nf6 2. Nf3 e6 3. g3 b5 4. a4 b4 5. Bg5 Bb7 6. Nbd2 c5 7. e3 Nc6 8. Bxf6 gxf6 9. Bg2 f5 10. 0-0 cxd4 11. Nxd4 Bg7 12. Nxc6 dxc6 13. Qe2 0-0 14. Rad1 Qc7 15. b3 Rad8 16. Nc4 Ba6 17. Rxd8 Rxd8 18. Rd1 Rd5 19. e4 Rxd1+ 20. Qxd1 f4 21. Bf1 c5 22. Qd6 Qxd6 23. Nxd6 Bf8 24. Ne8 Bb7 25. gxf4 Be7 26. e5 Bc6 27. Bb5 Bxe8 28. Bxe8 f5 29. exf6 Bxf6 30. Kg2 Bd4 31. Kg3 Kg7 32. f3 Kf6 33. Kg4 a5 34. h3 Be3 35. h4 h6 36. Bb5 Bd2 37. Bd3 Be3 38. h5 Bd2 39. Be4 Be3 40. Bh7 Bd2 41. Bd3 Bc1 42. Bc4 Bd2 43. Ba6 Bc1 44. Bc8 Bd2 45. f5 exf5+ 46. Bxf5 Ke5 47. Bg6 Bc1 48. Kg3 Be3 49. Kg2 Kf4 50. Be8 Bd4 51. Bd7 Be3 52. Bg4 Bd4 53. Kf1 Ke3 54. Ke1 Bc3+ 55. Kf1 Be5 56. Kg2 Bf4 57. Bf5 Be5 58. Be4 Bd6 59. Kh3 Kf4 60. Kg2 Ke3 61. Bd3 Be5 62. Bh7 Bd6 63. Bg6 Be5 64. Be4 Bd6 65. Bc6 Be5 66. Kf1 Bf4 67. Ke1 Be5 68. Be4 Bg3+ 69. Kf1 Bd6 70. Kg2 Be5 71. Kh3 Kf4 72. Bc6 Bd6 73. Kg2 Ke3 74. Be4 Be5 75. Bd3 Bd6 76. Bh7 Be5 77. Bg8 Bf4 78. Bd5 Bd6 79. Be4 Be5 80. Bc6 Bd6 81. Kf1 Bf4 82. Ke1 Bg3+ 83. Kd1 Bf4 84. Be4 Be5 85. Ke1 Bg3+ 86. Kf1 Bf4 87. Kg2 Be5 88. Bb7 Bd6 89. Kh3 Kf4 90. Bc6 Be5 1/2-1/2

[Event "Asian Hybrid"]
[Site "Tornelo INT"]
[Date "2021.05.27"]
[Round "7"]
[White "Doluweera, Minul Sanjula"]
[Black "Bacojo, Mark Jay"]
[Result "1-0"]
[WhiteElo "2129"]
[BlackElo "1926"]
[PlyCount "81"]
[EventDate "2021.05.21"]
[EventType "swiss"]
[EventRounds "9"]
[EventCountry "NET"]
[SourceTitle "CBM 202 Extra"]
[Source "ChessBase"]
[SourceDate "2021.07.31"]
[SourceVersion "1"]
[SourceVersionDate "2021.07.31"]
[SourceQuality "1"]

1. c4 Nf6 2. Nc3 d5 3. cxd5 Nxd5 4. Nf3 g6 5. h4 h5 6. Qb3 Nb6 7. Ng5 e6 8. g3 Bg7 9. Bg2 0-0 10. 0-0 Nc6 11. a4 Nd4 12. Qd1 c5 13. d3 Nd5 14. Nge4 Qc7 15. Bg5 Nxc3 16. bxc3 Nf5 17. Nf6+ Bxf6 18. Bxf6 Bd7 19. Qd2 Kh7 20. Qg5 Rac8 21. Bf3 Rg8 22. e4 Ng7 23. d4 Ne8 24. Be7 cxd4 25. cxd4 Qc3 26. Qf4 Qxd4 27. Rfd1 Qg7 28. e5 Bc6 29. Bxc6 Rxc6 30. Rd7 Nc7 31. Bd6 Nd5 32. Qf3 Rc3 33. Qe4 Rgc8 34. Rd1 Kg8 35. Rxb7 R3c4 36. Rd4 R4c6 37. Rxa7 Rxd6 38. exd6 Nc3 39. Qb7 Ne2+ 40. Kg2 Rc1 41. d7 1-0

[Event "Wch FIDE Online U14 Asia qual"]
[Site "Tornelo INT"]
[Date "2020.12.12"]
[Round "3"]
[White "Pranesh, M."]
[Black "Bacojo, Mark Jay"]
[Result "1-0"]
[WhiteElo "2437"]
[BlackElo "1926"]
[PlyCount "121"]
[EventDate "2020.12.11"]
[EventType "swiss (rapid)"]
[EventRounds "7"]
[EventCountry "ISS"]
[SourceTitle "EXT 2022"]
[Source "ChessBase"]
[SourceDate "2021.10.06"]
[SourceVersion "1"]
[SourceVersionDate "2021.10.06"]
[SourceQuality "1"]

1. e4 c5 2. Nf3 d6 3. d4 cxd4 4. Nxd4 Nf6 5. Nc3 a6 6. Rg1 h5 7. Bg5 Nbd7 8. Qd2 e6 9. 0-0-0 Be7 10. f3 Qc7 11. Kb1 b5 12. Bd3 Bb7 13. h4 d5 14. exd5 Bxd5 15. Nxd5 Nxd5 16. Be4 N7b6 17. Bxe7 Qxe7 18. Bxd5 Nxd5 19. Nf5 Qf6 20. Nd6+ Ke7 21. Ne4 Qf4 22. Qd4 Rac8 23. Qxg7 Rhg8 24. Qd4 Rc4 25. Qa7+ Rc7 26. Qxa6 Rgc8 27. g3 Qe5 28. Rc1 b4 29. Rge1 Qd4 30. Qd6+ Ke8 31. Rcd1 Qc4 32. Rd2 Rc6 33. Qxd5 exd5 34. Nd6+ Kf8 35. Nxc4 dxc4 36. Rd4 Rf6 37. f4 Rg6 38. Re3 Ra6 39. b3 cxb3 40. axb3 Rac6 41. Re2 Rb8 42. Kb2 Ra6 43. Ree4 Rba8 44. Rxb4 Ra2+ 45. Kc3 Rc8+ 46. Rbc4 Rd8 47. Re5 Rd1 48. Rxh5 Rf1 49. Kb4 Rf3 50. Rc3 Rf2 51. Rhc5 Ra7 52. Kc4 Rg2 53. b4 Rg1 54. b5 Rb1 55. Rb3 Ra4+ 56. Kc3 Rg1 57. Kb2 Raa1 58. b6 Rgb1+ 59. Kc3 Rxb3+ 60. cxb3 Rc1+ 61. Kb4 1-0